000 00769nam a2200253Ia 4500
003 OSt
005 20220923222942.0
006 a|||||r|||| 00| 0
007 ta
008 220922b |||||||| |||| 00| 0 hin d
024 _a209,013
037 _cTextual
040 _aARTS
_cARTS
_bhin
041 _2hin
_ahin
082 _aO152,3x, M2
100 _aपाठक, दिनेश
245 0 _aआंचलिक कहानियां
246 _aĀanchalik kahāniyāan
260 _aदिल्ली
_b राजेश प्रका0
_c1982
300 _a134पृ.
_ccm.
650 _aहिन्दी साहित्य
_9156264
942 _hO152,3x, M2
_cTEXL
_2CC
999 _c359600
_d359600